[Event "7th CHN-RUS w Rapid"]
[Site "Ningbo CHN"]
[Date "2010.08.11"]
[Round "1"]
[White "Gunina,V"]
[Black "Ding Yixin"]
[Result "1-0"]
[WhiteElo "2462"]
[BlackElo "2385"]
[EventDate "2010.08.11"]

1. d4 Nf6 2. Nf3 e6 3. c4 d5 4. Nc3 Be7 5. Bg5 h6 6. Bh4 O-O 7. e3 b6 8.
Bd3 Bb7 9. O-O Nbd7 10. Rc1 c5 11. Bg3 Rc8 12. cxd5 exd5 13. Qe2 Ne4 14.
Ba6 Bxa6 15. Qxa6 Nxg3 16. hxg3 Nf6 17. Qxa7 Ra8 18. Qb7 Rb8 19. Qc6 c4 20.
Qb5 Ra8 21. Ne5 Ra5 22. Qc6 Bb4 23. a3 Bxc3 24. Rxc3 Qb8 25. Nd7 Nxd7 26.
Qxd7 Rd8 27. Qe7 Re8 28. Qb4 Qa7 29. Rb1 Qa6 30. Rbc1 Re6 31. R3c2 Rb5 32.
Qd2 Ra5 33. Re1 Ra4 34. e4 Rxe4 35. Rxe4 dxe4 36. d5 Qb5 37. Qd4 c3 38. Qe5
Ra5 39. Qxe4 Qxd5 40. Qxd5 Rxd5 41. Rxc3 Rd1+ 42. Kh2 Rd6 43. g4 Kf8 44.
Kg3 Ke7 45. Kf3 Kd7 46. Ke3 Re6+ 47. Kd2 Rg6 48. Rd3+ Kc6 49. Rd4 h5 50. f3
f5 51. Ke3 hxg4 52. fxg4 fxg4 53. Kf4 Kc5 54. Rb4 g3 55. Kf3 Rf6+ 56. Kxg3
b5 57. Rg4 g6 58. b3 Rd6 59. Rg5+ Kc6 60. Kf4 Rd4+ 61. Ke3 Rd6 62. a4 bxa4
63. bxa4 Kd7 64. a5 Ke7 65. Rb5 Kf7 66. Rb7+ Kg8 67. Rb6 1-0

[Event "7th CHN-RUS w Rapid"]
[Site "Ningbo CHN"]
[Date "2010.08.11"]
[Round "1"]
[White "Bodnaruk,A"]
[Black "Tan Zhongyi"]
[Result "0-1"]
[WhiteElo "2397"]
[BlackElo "2461"]
[EventDate "2010.08.11"]

1. e4 d6 2. d4 Nf6 3. Nc3 g6 4. Nge2 Bg7 5. g3 O-O 6. Bg2 e5 7. O-O c6 8.
a4 a5 9. h3 Na6 10. Be3 Nb4 11. f4 Be6 12. Qd2 Bc4 13. b3 Ba6 14. Rad1 Qc7
15. f5 Rfe8 16. Rf2 Bxe2 17. Qxe2 d5 18. fxg6 hxg6 19. dxe5 Qxe5 20. Bd4
Qxg3 21. Rf3 Qg5 22. Qf1 Nxc2 23. Bxf6 Bxf6 24. Rxf6 Ne3 25. Qf2 Nxg2 26.
Kh1 Ne3 27. Rg1 Qh6 28. Rg3 d4 29. Rxf7 Rf8 30. Rf6 Ng4 31. Rxg6+ Qxg6 32.
Qg2 Rf4 33. Ne2 Rf2 34. Rxg4 Rxg2 35. Kxg2 Qxg4+ 36. hxg4 d3 37. Nc3 Rf8
38. g5 d2 39. e5 Re8 40. Kf2 Rxe5 41. g6 Re1 0-1

[Event "7th CHN-RUS w Rapid"]
[Site "Ningbo CHN"]
[Date "2010.08.11"]
[Round "1"]
[White "Ju Wenjun"]
[Black "Kosintseva,N"]
[Result "0-1"]
[WhiteElo "2496"]
[BlackElo "2551"]
[EventDate "2010.08.11"]

1. d4 Nf6 2. c4 e6 3. Nf3 d5 4. Bg5 h6 5. Bh4 Bb4+ 6. Nc3 dxc4 7. e3 b5 8.
a4 c6 9. Be2 Nbd7 10. O-O Qb6 11. Qc2 O-O 12. Na2 Be7 13. b3 cxb3 14. Qxb3
a6 15. Rfc1 Bb7 16. Nc3 Rfe8 17. h3 Rac8 18. Bg3 b4 19. a5 Qa7 20. Na4 c5
21. dxc5 Nxc5 22. Nxc5 Rxc5 23. Nd2 Rec8 24. Rd1 Rc3 25. Qb1 Qa8 26. Bf1
Ne4 27. Be5 Rc2 28. Nxe4 Bxe4 29. Qb3 Bh4 30. g3 Be7 31. Rd7 Bf8 32. Rad1
Bd5 33. R1xd5 exd5 34. Bg2 R2c5 35. Bxd5 Rxd5 36. Rxd5 Qc6 37. Bd4 Qe6 38.
Bb2 Qxh3 39. Qd3 Qe6 40. Rd8 Rxd8 41. Qxd8 Qc6 42. Bd4 Qb5 43. Bb2 0-1

[Event "7th CHN-RUS w Rapid"]
[Site "Ningbo CHN"]
[Date "2010.08.11"]
[Round "1"]
[White "Kashlinskaya,A"]
[Black "Huang Qian"]
[Result "0-1"]
[WhiteElo "2352"]
[BlackElo "2447"]
[EventDate "2010.08.11"]

1. d4 Nf6 2. c4 g6 3. Nf3 Bg7 4. g3 O-O 5. Bg2 d6 6. Nc3 Nbd7 7. O-O a6 8.
e4 e5 9. h3 b5 10. Qc2 b4 11. Nd5 exd4 12. Nxd4 Bb7 13. Rd1 c5 14. Ne2 Nxd5
15. exd5 a5 16. Re1 a4 17. Bf4 Qb6 18. Rad1 b3 19. axb3 axb3 20. Qc1 Ne5
21. Bxe5 Bxe5 22. Rd3 Ba6 23. f4 Bg7 24. Kh2 Qb4 25. Nc3 Bxc4 26. Rde3 Bd4
27. Re7 Bd3 28. Qd2 Qc4 29. Rc1 Bc2 30. Bf1 Bxc3 31. bxc3 Qa4 32. Bd3 b2
33. Bxc2 bxc1=Q 34. Qxc1 Qa1 35. Qd2 Rfe8 0-1

[Event "7th CHN-RUS w Rapid"]
[Site "Ningbo CHN"]
[Date "2010.08.11"]
[Round "2"]
[White "Ding Yixin"]
[Black "Bodnaruk,A"]
[Result "0-1"]
[WhiteElo "2385"]
[BlackElo "2397"]
[EventDate "2010.08.11"]

1. e4 c5 2. Nf3 d6 3. d4 cxd4 4. Nxd4 Nf6 5. Nc3 a6 6. h3 e6 7. g4 Be7 8.
Bg2 Nfd7 9. Be3 Nc6 10. Qe2 O-O 11. O-O Nxd4 12. Bxd4 b5 13. e5 dxe5 14.
Bxa8 exd4 15. Nb1 Qc7 16. Bg2 Nb6 17. c3 e5 18. cxd4 exd4 19. Nd2 Be6 20.
Qe4 Bd5 21. Qd3 Bxg2 22. Kxg2 Nd5 23. Qf3 Nf4+ 24. Kh1 f5 25. Rac1 Qb8 26.
Rfe1 Bg5 27. Rc5 Ng6 28. Nb3 Nh4 29. Qd5+ Kh8 30. Nxd4 Bd2 31. Re2 Bb4 32.
Nc6 Qf4 33. Re3 Qxf2 34. Ne5 h6 35. Rcc3 Bxc3 36. Rxc3 Qf1+ 37. Kh2 Nf3+
38. Kg3 Qg1+ 0-1

[Event "7th CHN-RUS w Rapid"]
[Site "Ningbo CHN"]
[Date "2010.08.11"]
[Round "2"]
[White "Huang Qian"]
[Black "Gunina,V"]
[Result "1-0"]
[WhiteElo "2447"]
[BlackElo "2462"]
[EventDate "2010.08.11"]

1. d4 d5 2. c4 c6 3. Nc3 Nf6 4. e3 g6 5. Nf3 Bg7 6. Be2 O-O 7. O-O Be6 8.
Qb3 Qb6 9. Qxb6 axb6 10. Ng5 Bf5 11. cxd5 cxd5 12. Bd2 Nc6 13. Nb5 Rfc8 14.
Rfc1 h6 15. Nf3 Ne4 16. Be1 e5 17. dxe5 Nxe5 18. Rxc8+ Rxc8 19. Nfd4 Bd7
20. f3 Nc5 21. Nd6 Ra8 22. a3 Nc6 23. Bc3 Na4 24. Nxb7 Nxc3 25. bxc3 Nxd4
26. cxd4 Ra4 27. Rb1 Bf5 28. Rb3 Kf8 29. Nd6 Ke7 30. Nxf5+ gxf5 31. g3 Bf8
32. Bb5 Ra7 33. Rc3 Kd8 34. a4 Rc7 35. Rxc7 Kxc7 36. Bd3 f4 37. gxf4 Ba3
38. Kf2 Bc1 39. f5 f6 40. Bb5 Kd6 41. Ke2 Ke7 42. Kd3 Kd6 43. h4 Ke7 44. e4
Kd6 45. Be8 dxe4+ 46. fxe4 Bb2 47. Kc4 Ba1 48. Bh5 Bb2 49. Bf3 Ba1 50. h5
Bb2 51. e5+ fxe5 52. d5 Kc7 53. f6 Kd6 54. Be4 Bd4 55. Kb5 Kd7 56. f7 Ke7
57. d6+ Kxf7 58. Kc6 Bf2 59. Bd5+ Kf8 60. d7 Bh4 61. Kc7 Kg7 62. d8=Q Bxd8+
63. Kxd8 Kf6 64. Kc7 Kg5 65. Kxb6 1-0

[Event "7th CHN-RUS w Rapid"]
[Site "Ningbo CHN"]
[Date "2010.08.11"]
[Round "2"]
[White "Kashlinskaya,A"]
[Black "Wang Yu A"]
[Result "1-0"]
[WhiteElo "2352"]
[BlackElo "2369"]
[EventDate "2010.08.11"]

1. d4 d5 2. c4 c6 3. Nc3 Nf6 4. Nf3 dxc4 5. a4 Bf5 6. e3 e6 7. Bxc4 Bb4 8.
O-O Nbd7 9. Qe2 Bg6 10. e4 O-O 11. Bd3 Bh5 12. e5 Nd5 13. Nxd5 cxd5 14. Qe3
Re8 15. Ne1 Bg6 16. Be2 Rc8 17. Nd3 Qa5 18. h4 Nb8 19. Nxb4 Qxb4 20. h5 Bf5
21. h6 Nc6 22. Bb5 a6 23. Bxc6 Rxc6 24. Ra3 Rec8 25. Rb3 Qxa4 26. Rxb7 Rc2
27. Bd2 Qc6 28. Rb3 Qc4 29. Rc3 Rxc3 30. Bxc3 Bg6 31. Ra1 Qd3 32. Qg5 gxh6
33. Qxh6 Kh8 34. Qh4 Qf5 35. Rxa6 Rg8 36. Bb4 h5 37. Ra7 Kh7 38. Bd2 Rc8
39. Qg3 Kg7 40. Qe3 Rh8 41. b4 h4 42. Qg5 h3 43. Qxf5 Bxf5 44. b5 Rb8 45.
gxh3 Bxh3 46. Ra3 Bf5 47. Rb3 Bc2 48. Rb2 Bd3 49. b6 Ba6 50. Kg2 Kg6 51.
Kg3 Kf5 52. f3 Bb7 53. Bb4 Rh8 54. Bd6 Rg8+ 55. Kf2 Kf4 56. Bb4 Rh8 57.
Bd2+ Kf5 58. Ke3 Ra8 59. Bb4 Rh8 60. Be7 Rc8 61. Bb4 f6 62. exf6 Kxf6 63.
Rh2 Kg6 64. Kf4 Rc4 65. Bc5 Rc3 66. Ke5 Rxf3 67. Kxe6 Rf6+ 68. Kd7 Rf7+ 69.
Kd6 Rf6+ 70. Kc7 Rf7+ 71. Kd8 Bc6 72. Rg2+ Kh5 73. Ra2 Kg4 74. Ra7 Bb7 75.
Be7 Bc6 76. b7 Bxb7 77. Rxb7 Kf5 78. Rb6 Ke4 79. Bc5 1-0

[Event "7th CHN-RUS w Rapid"]
[Site "Ningbo CHN"]
[Date "2010.08.11"]
[Round "2"]
[White "Tan Zhongyi"]
[Black "Kosintseva,N"]
[Result "0-1"]
[WhiteElo "2461"]
[BlackElo "2551"]
[EventDate "2010.08.11"]

1. d4 Nf6 2. Nf3 d5 3. c4 e6 4. Nc3 Bb4 5. Bg5 Nbd7 6. e3 c5 7. cxd5 exd5
8. Bd3 Qa5 9. Qc2 c4 10. Bf5 O-O 11. O-O Re8 12. Nd2 g6 13. Bh3 Kg7 14. a3
Bxc3 15. bxc3 Ne4 16. Nxe4 dxe4 17. Bxd7 Bxd7 18. Bf4 Ba4 19. Qb2 Qd5 20.
Rae1 Re6 21. f3 f6 22. Qf2 Bc6 23. h4 Rae8 24. Qg3 h6 25. Qg4 g5 26. hxg5
hxg5 27. Kf2 Rh8 28. Rh1 Ree8 29. Be5 Kg6 30. fxe4 Qxe4 31. Qxe4+ Bxe4 32.
Rxh8 Rxh8 33. Bg3 Rd8 34. Re2 Rd5 35. Rb2 Ra5 36. Bd6 Ra6 37. Bc5 Kf7 38.
g4 Ke6 39. Kg3 Ra5 40. Rf2 b6 41. Bf8 Kf7 42. Bd6 Ke6 43. Bf8 f5 44. gxf5+
Rxf5 45. Rxf5 Kxf5 46. Bd6 b5 47. Bb4 a6 48. Ba5 Bc2 49. Bd8 Be4 50. Bc7 g4
51. Ba5 Bf3 52. Kf2 Ke4 53. Bb4 Kd3 54. Ba5 Kc2 55. Kg3 Kb3 56. Bb4 Ka4 57.
d5 Bxd5 58. Kxg4 a5 59. Bc5 Kb3 60. Bb6 Kxc3 61. Bxa5+ Kd3 62. e4 Kxe4 63.
Kg3 Kd3 64. Kf2 c3 65. Ke1 Kc2 66. Ke2 Kb2 67. Kd3 c2 68. Bd2 Bb3 0-1

[Event "7th CHN-RUS w Rapid"]
[Site "Ningbo CHN"]
[Date "2010.08.11"]
[Round "3"]
[White "Ding Yixin"]
[Black "Kashlinskaya,A"]
[Result "1/2-1/2"]
[WhiteElo "2385"]
[BlackElo "2352"]
[EventDate "2010.08.11"]

1. e4 e5 2. Nf3 Nc6 3. Bb5 a6 4. Ba4 Nf6 5. O-O Be7 6. Bxc6 dxc6 7. d3 Qd6
8. b3 Be6 9. Ba3 c5 10. d4 Nxe4 11. Qe2 f5 12. dxc5 Nxc5 13. Nxe5 Bf6 14.
Nd3 Bxa1 15. Bxc5 Qc6 16. Re1 Kf7 17. c3 Qe4 18. Qc2 Qd5 19. Bd4 Rhe8 20.
Nd2 c5 21. Nxc5 Rac8 22. b4 a5 23. Ncb3 axb4 24. Rxa1 bxc3 25. Nf3 Kg8 26.
Rc1 f4 27. Qd1 Bg4 28. h3 Bh5 29. Qd3 c2 30. Rxc2 Rxc2 31. Qxc2 Bxf3 32.
gxf3 Qxf3 33. Qc4+ Kh8 34. Qf1 Re2 35. Qg2 Qxg2+ 36. Kxg2 Rxa2 37. Nc5 b5
38. Kf3 Ra3+ 39. Kg4 b4 40. h4 f3 41. Kf5 b3 42. Ke4 Kg8 43. Kd5 Kf7 44. h5
h6 45. Kc4 Ra2 46. Kxb3 Re2 47. Kc3 g6 48. hxg6+ Kxg6 49. Nd3 Re8 50. Ne5+
Kf5 51. Nxf3 Rc8+ 52. Kd3 Kf4 53. Ke2 h5 54. Be3+ Kg4 55. Ne5+ Kf5 56. Nf7
Rc6 57. Kf3 Rg6 58. Bf4 h4 59. Nh6+ Ke6 60. Ng4 Kf5 61. Ne3+ Ke6 62. Bh2 h3
63. Kf4 Rg8 64. Ng4 Ra8 65. Kg3 Ra3+ 66. Ne3 Ra2 67. f3 Ra3 68. Bg1 Ra1 69.
Bf2 Ra2 70. Ng4 Kf5 71. Be3 Ra3 72. Kxh3 Ra8 73. Kg3 Re8 74. Nh6+ Kg6 75.
Bf4 Re1 76. Ng4 Ra1 77. Ne3 Ra3 78. Ng2 Rb3 79. Bd6 Kf5 80. Nh4+ Ke6 81.
Bf8 Rb8 82. Bh6 Rg8+ 83. Kf4 Kf6 84. Nf5 Rg1 85. Bg7+ Ke6 86. Bd4 Rd1 87.
Ke4 Re1+ 88. Ne3 Rb1 89. f4 Kf7 90. Kf5 Rb5+ 91. Be5 Ra5 92. Ng4 Rb5 93.
Nh6+ Ke8 94. Ke6 Rb6+ 95. Bd6 Rb1 96. f5 Re1+ 97. Be5 Rf1 98. f6 Rxf6+ 99.
Bxf6 Kf8 100. Nf7 Ke8 101. Ng5 Kf8 102. Kd7 Kg8 103. Ke7 1/2-1/2

[Event "7th CHN-RUS w Rapid"]
[Site "Ningbo CHN"]
[Date "2010.08.11"]
[Round "3"]
[White "Wang Yu A"]
[Black "Bodnaruk,A"]
[Result "1/2-1/2"]
[WhiteElo "2369"]
[BlackElo "2397"]
[EventDate "2010.08.11"]

1. e4 c5 2. Nf3 d6 3. d4 cxd4 4. Qxd4 Nc6 5. Bb5 Bd7 6. Bxc6 Bxc6 7. c4 f5
8. exf5 Qa5+ 9. Nbd2 Qxf5 10. O-O e5 11. Qe3 Be7 12. Re1 Qg6 13. b4 Nf6 14.
b5 Bxf3 15. Nxf3 O-O 16. c5 e4 17. Ng5 d5 18. Ne6 Rf7 19. Qg5 Ng4 20. Qxg6
hxg6 21. Bg5 Bxg5 22. Nxg5 Rf5 23. Ne6 Nxf2 24. c6 bxc6 25. bxc6 Rc8 26.
Rab1 Rf6 27. Nd4 Nd3 28. Rf1 Ne5 29. Rbc1 Nc4 30. Rb1 Ne5 31. Rxf6 gxf6 32.
Rc1 Kf7 33. Rc5 Ke7 34. Rxd5 Nxc6 35. Nxc6+ Rxc6 36. Ra5 a6 37. Kf2 f5 38.
h4 Kf6 39. Ke3 g5 40. g4 Rc3+ 41. Kd2 Rd3+ 42. Ke2 fxg4 43. Rxg5 Ra3 44.
Rxg4 Kf5 45. Rg8 Rxa2+ 46. Ke3 Ra3+ 47. Ke2 a5 48. h5 Kf4 49. Rf8+ Kg5 50.
Re8 Ra4 51. Ke3 Kh6 52. Rxe4 Ra3+ 53. Kd2 Kxh5 54. Kc2 Kg6 55. Kb2 Rf3 56.
Re5 a4 57. Re4 a3+ 58. Ka2 Kf5 59. Ra4 1/2-1/2

[Event "7th CHN-RUS w Rapid"]
[Site "Ningbo CHN"]
[Date "2010.08.11"]
[Round "4"]
[White "Gunina,V"]
[Black "Wang Yu A"]
[Result "1-0"]
[WhiteElo "2462"]
[BlackElo "2369"]
[EventDate "2010.08.11"]

1. d4 d5 2. c4 c6 3. Nf3 Nf6 4. Nc3 e6 5. Bg5 h6 6. Bh4 dxc4 7. e4 g5 8.
Bg3 b5 9. Ne5 Bb7 10. Be2 Nbd7 11. O-O Bg7 12. f4 Nxe5 13. fxe5 Nd7 14. d5
exd5 15. e6 Ne5 16. Bxe5 Bxe5 17. Rxf7 Qb6+ 18. Kh1 O-O-O 19. e7 Rde8 20.
Bg4+ Kb8 21. Bd7 Qc5 22. Bxe8 Rxe8 23. exd5 cxd5 24. Qe2 d4 25. Ne4 Qd5 26.
Rf8 Bc6 27. Qf3 Kc7 28. Rxe8 Bxe8 29. Re1 d3 30. Nf6 Qxf3 31. Nxe8+ Kd7 32.
gxf3 d2 33. Nf6+ 1-0

[Event "7th CHN-RUS w Rapid"]
[Site "Ningbo CHN"]
[Date "2010.08.11"]
[Round "4"]
[White "Kosintseva,N"]
[Black "Ding Yixin"]
[Result "0-1"]
[WhiteElo "2551"]
[BlackElo "2385"]
[EventDate "2010.08.11"]

1. e4 c5 2. Nf3 d6 3. d4 cxd4 4. Nxd4 Nf6 5. Nc3 a6 6. Bg5 e6 7. f4 Nbd7 8.
Qe2 Qc7 9. g4 b5 10. Bxf6 gxf6 11. O-O-O Nc5 12. a3 Bb7 13. f5 O-O-O 14.
Kb1 Kb8 15. h4 Rc8 16. Bh3 Bg7 17. Rhf1 Rhe8 18. Bg2 Qb6 19. Qf3 Ka8 20.
Nde2 Nd7 21. Nf4 Ne5 22. Qg3 Nc4 23. Nh5 Bh8 0-1

[Event "7th CHN-RUS w Rapid"]
[Site "Ningbo CHN"]
[Date "2010.08.11"]
[Round "4"]
[White "Tan Zhongyi"]
[Black "Kashlinskaya,A"]
[Result "1-0"]
[WhiteElo "2461"]
[BlackElo "2352"]
[EventDate "2010.08.11"]

1. d4 Nf6 2. c4 g6 3. Nc3 Bg7 4. Nf3 O-O 5. Bg5 d6 6. e3 c6 7. Be2 a6 8.
O-O b5 9. a3 Bb7 10. b4 bxc4 11. Bxc4 a5 12. Qb3 Nbd7 13. Bxf6 Nxf6 14. Ng5
d5 15. Be2 Nd7 16. Nf3 e5 17. Rac1 axb4 18. axb4 Qe7 19. dxe5 Nxe5 20. Nd4
h5 21. h3 Nd7 22. Rfd1 Nb6 23. b5 c5 24. Nc6 Bxc6 25. bxc6 Bxc3 26. Qxc3
Na4 27. Qc2 Qe5 28. Bb5 Nb2 29. Rd2 Nc4 30. Bxc4 dxc4 31. Qxc4 Ra1 32. Rdd1
Ra5 33. Rd5 Qb2 34. Rxc5 Ra2 35. Rc2 Qa1+ 36. Kh2 Ra4 37. Qd5 1-0

[Event "7th CHN-RUS w Rapid"]
[Site "Ningbo CHN"]
[Date "2010.08.11"]
[Round "5"]
[White "Gunina,V"]
[Black "Tan Zhongyi"]
[Result "0-1"]
[WhiteElo "2462"]
[BlackElo "2461"]
[EventDate "2010.08.11"]

1. d4 Nf6 2. Nf3 g6 3. c4 Bg7 4. g3 O-O 5. Bg2 c6 6. O-O d5 7. cxd5 cxd5 8.
Ne5 e6 9. Nc3 Nfd7 10. f4 Nc6 11. Be3 Ndxe5 12. fxe5 f6 13. exf6 Rxf6 14.
Qd2 Bd7 15. Rxf6 Qxf6 16. Rf1 Qe7 17. Bf2 Rd8 18. Re1 Be8 19. Kh1 Bf7 20.
Be3 Qb4 21. Rd1 Re8 22. Bg1 Na5 23. a3 Qb3 24. Rb1 b6 25. e4 Nc4 26. Qf2
Nxa3 27. Rf1 Rf8 28. exd5 exd5 29. Qf3 Nb5 30. Nxb5 Qxb5 31. Qa3 a5 32. Qe7
Qe8 33. Qb7 Qe6 34. h4 Kh8 35. Kh2 Bg8 36. Rc1 g5 37. hxg5 Qe2 38. Qxb6
Qh5+ 39. Bh3 Re8 40. Rc2 Be6 41. g4 Bxg4 42. Qb3 Bd1 43. Bf2 Bxc2 44. Qxc2
Qxg5 45. Qd3 Qf4+ 46. Kg1 Rf8 47. Be1 a4 48. Kg2 Qxd4 49. Qxd4 Bxd4 50. Bd7
Bxb2 51. Bxa4 d4 52. Bc2 Kg7 53. Bg3 Re8 54. Kf2 Bc1 55. Ba4 Be3+ 56. Kf3
Re7 57. Bc2 h5 58. Bh4 Rf7+ 59. Ke2 Kh6 60. Bb3 Rb7 61. Bd5 Rb5 62. Bc4
Rb2+ 63. Kf3 Bg5 64. Bf2 h4 65. Bf1 Rb4 66. Ke4 Bf6 67. Be1 Rb1 68. Bd2+
Bg5 69. Bd3 0-1

[Event "7th CHN-RUS w Rapid"]
[Site "Ningbo CHN"]
[Date "2010.08.11"]
[Round "5"]
[White "Huang Qian"]
[Black "Bodnaruk,A"]
[Result "1-0"]
[WhiteElo "2447"]
[BlackElo "2397"]
[EventDate "2010.08.11"]

1. d4 Nf6 2. c4 g6 3. Nc3 Bg7 4. e4 d6 5. Nf3 O-O 6. Be2 c5 7. O-O Nc6 8.
d5 Na5 9. Qc2 e5 10. a3 b6 11. Be3 Nh5 12. Rfe1 f5 13. exf5 Bxf5 14. Ne4
Nf4 15. Bxf4 exf4 16. Bd3 h6 17. Rab1 g5 18. h3 g4 19. hxg4 Bxg4 20. Nh2 h5
21. Nd2 Bd7 22. Qd1 Qg5 23. Nhf3 Qd8 24. Ne4 Bg4 25. Neg5 Qxg5 26. Nxg5
Bxd1 27. Rbxd1 Be5 28. Ne6 Rf6 29. Rxe5 dxe5 30. Re1 Nc6 31. Ng5 Nd4 32.
Rxe5 f3 33. g3 a6 34. Kh2 Rb8 35. a4 b5 36. axb5 axb5 37. cxb5 Nxb5 38. Ne4
Rf7 39. d6 Ra7 40. d7 Nc7 41. Rxc5 Kf7 42. Nd6+ Ke7 43. Nc8+ Kxd7 44. Bf5+
Kd8 45. Nxa7 Rxb2 46. Nc6+ Ke8 47. Rc2 Rb5 48. Nd4 1-0

[Event "7th CHN-RUS w Rapid"]
[Site "Ningbo CHN"]
[Date "2010.08.11"]
[Round "5"]
[White "Kashlinskaya,A"]
[Black "Ju Wenjun"]
[Result "1-0"]
[WhiteElo "2352"]
[BlackElo "2496"]
[EventDate "2010.08.11"]

1. d4 Nf6 2. c4 g6 3. Nf3 Bg7 4. g3 c6 5. Bg2 d5 6. Qb3 O-O 7. O-O dxc4 8.
Qxc4 Bf5 9. Bf4 Nbd7 10. Qc1 Re8 11. Nc3 Qb6 12. Rd1 Nd5 13. Bh6 Bxh6 14.
Qxh6 N7f6 15. Ng5 Nxc3 16. bxc3 e5 17. e4 Bg4 18. f3 Be6 19. Rab1 Qa5 20.
f4 Bxa2 21. fxe5 Rxe5 22. dxe5 Qxe5 23. Rxb7 Bc4 24. Rd4 Qc5 25. e5 Qxe5
26. Nf3 Qe6 27. Qd2 1-0

[Event "7th CHN-RUS w Rapid"]
[Site "Ningbo CHN"]
[Date "2010.08.12"]
[Round "6"]
[White "Ding Yixin"]
[Black "Gunina,V"]
[Result "0-1"]
[WhiteElo "2385"]
[BlackElo "2462"]
[EventDate "2010.08.11"]

1. e4 c6 2. c4 d5 3. exd5 cxd5 4. cxd5 Nf6 5. Qa4+ Nbd7 6. Nc3 g6 7. Bc4
Bg7 8. d3 O-O 9. Nf3 a6 10. Qa3 Nb6 11. Qb3 Nxc4 12. dxc4 b5 13. cxb5 Nxd5
14. Nxd5 Be6 15. bxa6 Bxd5 16. Qd3 e5 17. Qe2 Qc8 18. Be3 Bc4 19. Qc2 Qxa6
20. a3 Rfc8 21. Qd1 Bd3 22. Nd2 e4 23. f3 Bxb2 24. Kf2 exf3 25. Qxf3 Rc6
26. Ne4 Rc2+ 27. Kg3 Be5+ 28. Bf4 Bxe4 29. Qxe4 Bxf4+ 30. Qxf4 Qe2 31. Rhf1
Qxg2+ 32. Kh4 Ra4 33. Qxa4 Qxh2+ 34. Kg5 Qe5+ 35. Kh4 Rh2+ 36. Kg4 Rg2+ 37.
Kf3 Rg3+ 0-1

[Event "7th CHN-RUS w Rapid"]
[Site "Ningbo CHN"]
[Date "2010.08.12"]
[Round "6"]
[White "Kosintseva,N"]
[Black "Ju Wenjun"]
[Result "1/2-1/2"]
[WhiteElo "2551"]
[BlackElo "2496"]
[EventDate "2010.08.11"]

1. e4 c5 2. Nf3 e6 3. c3 Nf6 4. e5 Nd5 5. Bc4 d6 6. d4 cxd4 7. cxd4 Be7 8.
O-O O-O 9. Qe2 Nc6 10. Re1 Bd7 11. a3 Rc8 12. Nbd2 dxe5 13. dxe5 Na5 14.
Ba2 Ba4 15. Nd4 Nc6 16. Nxc6 Rxc6 17. Nf3 Qb6 18. Bxd5 Rc2 19. Be3 Qd8 20.
Qd1 Qxd5 21. Qxd5 exd5 22. b3 Bd7 23. Nd4 Rc3 24. b4 a6 25. Rec1 Rfc8 26.
Rxc3 Rxc3 27. Rc1 Rxc1+ 28. Bxc1 Bd8 29. Be3 Bb6 30. f4 Bxd4 31. Bxd4 g6
32. Bc5 Kg7 33. Kf2 f6 34. Ke3 Kf7 35. g3 Ke6 1/2-1/2

[Event "7th CHN-RUS w Rapid"]
[Site "Ningbo CHN"]
[Date "2010.08.12"]
[Round "6"]
[White "Tan Zhongyi"]
[Black "Bodnaruk,A"]
[Result "1/2-1/2"]
[WhiteElo "2461"]
[BlackElo "2397"]
[EventDate "2010.08.11"]

1. d4 Nf6 2. c4 g6 3. Nc3 Bg7 4. Nf3 O-O 5. Bg5 d6 6. e3 Nbd7 7. Be2 h6 8.
Bh4 e5 9. O-O g5 10. Bg3 Nh5 11. dxe5 Nxg3 12. hxg3 dxe5 13. b4 f5 14. Qb3
c6 15. Rad1 g4 16. Nh4 Qg5 17. c5+ Kh8 18. Rd6 Nf6 19. Rfd1 Kh7 20. Bc4 Ne8
21. R6d2 Qe7 22. Qc2 h5 23. Ne2 Bh6 24. e4 f4 25. Nf5 Bxf5 26. exf5 Nf6 27.
Rd6 Rad8 28. Be6 Bg5 29. gxf4 exf4 30. Nc3 Kh6 31. Qd3 Rde8 32. b5 h4 33.
bxc6 bxc6 34. Rxc6 g3 35. Ne4 Nxe4 36. Qxe4 Rf6 37. Qf3 Qb7 38. Bd5 Qb4 39.
Rxf6+ Bxf6 40. Be6 Qxc5 41. Qxf4+ Bg5 42. Qd4 Rd8 43. Bd7 Qxd4 44. Rxd4 Bf6
45. Rd3 Be5 46. fxg3 hxg3 47. Kf1 Kg5 48. Ke2 Rb8 49. Rd5 Rb2+ 50. Rd2 Bd4
51. Kd3 Bf2 52. Ke4 Kf6 53. Kf4 Be1 54. a4 Bf2 55. a5 1/2-1/2

[Event "7th CHN-RUS w Rapid"]
[Site "Ningbo CHN"]
[Date "2010.08.12"]
[Round "7"]
[White "Gunina,V"]
[Black "Huang Qian"]
[Result "1-0"]
[WhiteElo "2462"]
[BlackElo "2447"]
[EventDate "2010.08.11"]

1. d4 Nf6 2. Nf3 g6 3. g3 Bg7 4. Bg2 O-O 5. c4 d5 6. cxd5 Nxd5 7. O-O Nb6
8. Nc3 Nc6 9. e3 Re8 10. Re1 a5 11. Qc2 Be6 12. b3 a4 13. Ba3 axb3 14. axb3
Bf5 15. Qc1 Qc8 16. Bb2 Rxa1 17. Qxa1 Nb4 18. Rd1 Qa8 19. e4 Bg4 20. Qc1
Nc6 21. Nd5 Nxd5 22. exd5 Nb4 23. h3 Bxf3 24. Bxf3 Qa5 25. Qc4 Na6 26. Bc3
Qb6 27. b4 Nb8 28. b5 Nd7 29. Kg2 h5 30. h4 Ra8 31. Rc1 Bf6 32. Bb2 Rc8 33.
Qa4 Qd6 34. Ba3 Nb6 35. Bxd6 Nxa4 36. Bf4 Nb6 37. Rxc7 Rxc7 38. Bxc7 Bxd4
39. d6 exd6 40. Bxb7 Bc5 41. f3 Kf8 42. g4 Ke7 43. Bc6 Nc4 44. gxh5 gxh5
45. Kg3 Kf6 46. Kf4 Bf2 47. Bd5 Nb6 48. Bd8+ Kg7 49. Bc6 Nc4 50. Ke4 Nb6
51. Kf5 Nc4 52. Kg5 Ne5 53. Bf6+ Kf8 54. Kxh5 Be3 55. Bg5 Bb6 56. f4 Nc4
57. Bf6 Ne3 58. Kg5 d5 59. h5 Kg8 60. h6 Bc7 61. Bd7 Bb6 1-0

[Event "7th CHN-RUS w Rapid"]
[Site "Ningbo CHN"]
[Date "2010.08.12"]
[Round "7"]
[White "Bodnaruk,A"]
[Black "Ding Yixin"]
[Result "0-1"]
[WhiteElo "2397"]
[BlackElo "2385"]
[EventDate "2010.08.11"]

1. e4 c5 2. Nc3 d6 3. Nge2 Nf6 4. d4 cxd4 5. Nxd4 a6 6. Be3 e5 7. Nb3 Be7
8. Qd2 Be6 9. O-O-O Nbd7 10. f4 b5 11. Kb1 O-O 12. f5 Bc4 13. g4 Nxg4 14.
Rg1 Nxe3 15. Qxe3 Kh8 16. Nd2 Bxf1 17. Rdxf1 Nf6 18. Nd5 Rc8 19. Rf3 Nxd5
20. exd5 Qc7 21. c4 Qc5 22. Qe1 bxc4 23. Rg4 Qxd5 24. Ne4 c3 25. bxc3 Rb8+
26. Ka1 Qb5 27. Rg2 d5 28. f6 Bxf6 29. Nxf6 gxf6 30. Rh3 Qc4 31. Qd1 Qe4
32. Rg4 Qf5 33. Rgh4 Rg8 34. Rxh7+ Qxh7 35. Rxh7+ Kxh7 36. Qh5+ Kg7 37. a4
Kf8 38. Qf3 Ke7 39. Qxd5 Rgc8 40. c4 Rb4 41. c5 Rxa4+ 42. Kb2 Rb8+ 43. Kc2
Rd4 44. Qc6 Rb5 45. Qc7+ Kf8 46. Kc3 Kg7 47. Qc8 a5 48. Qc6 Rbb4 49. Qg2+
Rg4 50. Qf2 Rgc4+ 51. Kd3 Rd4+ 52. Kc3 a4 53. Qg1+ Rg4 54. Qf1 a3 55. c6
Rbc4+ 56. Kb3 Rxc6 57. Kxa3 Rb6 58. h3 Rg3+ 59. Ka4 Rgb3 60. Qg2+ Kf8 61.
Qa8+ Rb8 62. Qc6 Rb1 63. Qc5+ Kg7 64. Qc3 Ra8+ 0-1

[Event "7th CHN-RUS w Rapid"]
[Site "Ningbo CHN"]
[Date "2010.08.12"]
[Round "7"]
[White "Kosintseva,N"]
[Black "Tan Zhongyi"]
[Result "1/2-1/2"]
[WhiteElo "2551"]
[BlackElo "2461"]
[EventDate "2010.08.11"]

1. e4 d6 2. d4 Nf6 3. Nc3 g6 4. Be3 c6 5. Qd2 b5 6. Bd3 Nbd7 7. Nf3 Bg7 8.
Bh6 O-O 9. Bxg7 Kxg7 10. a4 b4 11. Ne2 a5 12. e5 dxe5 13. dxe5 Ng4 14. Qf4
Nc5 15. Bc4 f6 16. e6 Nh6 17. Ned4 Qd6 18. Qxd6 exd6 19. Nxc6 Bxe6 20. Bxe6
Nxe6 21. O-O-O Nf7 22. Rhe1 Nc5 23. Nfd4 Rfc8 24. Ne7 Re8 25. b3 Ne5 26.
Nd5 Rac8 27. Kb1 Nf7 28. f3 Re5 29. Nf4 Rce8 30. Rf1 g5 31. Nd3 Nxd3 32.
Rxd3 Kg6 33. Rdd1 h5 34. Kc1 h4 35. Rf2 Rc5 36. Nb5 Re6 37. Rfd2 h3 38.
gxh3 Re3 39. Rd3 Rxd3 40. Rxd3 Ne5 41. Rxd6 Nxf3 42. Ra6 Ne1 43. Rxa5 Nxc2
44. Kb2 Na3 45. Ra8 Rc2+ 1/2-1/2

[Event "7th CHN-RUS w Rapid"]
[Site "Ningbo CHN"]
[Date "2010.08.12"]
[Round "7"]
[White "Wang Yu A"]
[Black "Kashlinskaya,A"]
[Result "1/2-1/2"]
[WhiteElo "2369"]
[BlackElo "2352"]
[EventDate "2010.08.11"]

1. e4 e5 2. Nf3 Nc6 3. Bb5 a6 4. Ba4 Nf6 5. O-O Be7 6. d4 exd4 7. Re1 O-O
8. e5 Nd5 9. Nxd4 Nxd4 10. Qxd4 Nb6 11. Nc3 d6 12. exd6 Bxd6 13. Bf4 Nxa4
14. Qxa4 Bd7 15. Qd4 Bxf4 16. Qxf4 Be6 17. Rad1 Qc8 18. Nd5 Bxd5 19. Rxd5
Re8 20. Red1 Qe6 21. h3 c6 22. Rd7 Re7 23. Rd8+ Rxd8 24. Rxd8+ Re8 25. Qb8
Kf8 26. Rxe8+ Qxe8 27. Qxb7 Qe1+ 28. Kh2 Qe5+ 29. Kg1 Qe1+ 30. Kh2 Qe5+ 31.
g3 Qc5 32. Kg1 Qxc2 33. Qxa6 g6 34. Qa3+ Kg8 35. Kg2 c5 36. Qc3 Qe4+ 37.
Qf3 Qb4 38. b3 Qa3 39. Qe2 Qa8+ 40. Kg1 Qa3 41. Qc2 Kg7 42. h4 h5 43. Kf1
Kf6 44. Ke2 Ke7 45. Ke3 Kf6 46. Kf3 Qa8+ 47. Ke2 Qa3 48. Qc3+ Ke7 49. Qd2
Ke6 50. f3 Qa6+ 51. Kf2 Qa3 52. g4 hxg4 53. fxg4 Kf6 54. Kg3 Kg7 55. Qc3+
Kg8 56. h5 gxh5 57. gxh5 Qxa2 58. h6 f6 59. Qc4+ Kh7 60. Qf7+ Kxh6 61.
Qxf6+ Kh7 62. Qf5+ Kh6 63. Qd5 Qa5 64. Kf4 Kg6 1/2-1/2